Land vs. Land #109 - Statistiken

Allgemein
  • Dieses Quiz wurde 13 mal gespielt
  • Das Durchschnittsergebnis liegt bei 11 aus 14
Antwortstatistiken
Frage Antwort % Korrekt
...Fläche? Malaysia🇲🇾
100%
...Einwohner? Malaysia🇲🇾
100%
...Exportmengen? Malaysia🇲🇾
100%
...Bruttoinlandsprodukt? Malaysia🇲🇾
92%
...Tourismus? Malaysia🇲🇾
92%
...Gewinner? Malaysia🇲🇾
92%
...Militär? Malaysia🇲🇾
83%
...HDI (Human Development Index)? Malaysia🇲🇾
83%
...Frieden? Malaysia🇲🇾
75%
...Gesundheitswesen? Malaysia🇲🇾
67%
...Bruttoinlandsprodukt pro Kopf? Malaysia🇲🇾
58%
...Lebenserwartung? Malaysia🇲🇾
58%
...durchschnittlicher IQ? Malaysia🇲🇾
58%
...Happy Planet Index? Nicaragua🇳🇮
42%
Keine übereinstimmenden Quizze gefunden
Verteilung der Resultate
Anzahl Personen mit jedem Resultat
Perzentil nach korrekt beantworteten Fragen
Ihre Resultats-Entwicklung
Sie haben dieses Quiz noch nicht gespielt